<?xml version="1.0" encoding="UTF-8"?>
<record
    xmlns:xsi="http://www.w3.org/2001/XMLSchema-instance"
    xsi:schemaLocation="http://www.loc.gov/MARC21/slim http://www.loc.gov/standards/marcxml/schema/MARC21slim.xsd"
    xmlns="http://www.loc.gov/MARC21/slim">

  <leader>01003nam a2200253 a 4500</leader>
  <controlfield tag="001">54696</controlfield>
  <controlfield tag="003">BD-RJUL  </controlfield>
  <controlfield tag="005">20211209080146.0</controlfield>
  <controlfield tag="008">161109m19391957ii            001 0 eng d</controlfield>
  <datafield tag="035" ind1=" " ind2=" ">
    <subfield code="a">BD-RJUL  54818</subfield>
  </datafield>
  <datafield tag="040" ind1=" " ind2=" ">
    <subfield code="a">DLC</subfield>
    <subfield code="c">EWF</subfield>
    <subfield code="d">EQO</subfield>
    <subfield code="b">eng</subfield>
  </datafield>
  <datafield tag="041" ind1=" " ind2=" ">
    <subfield code="a">eng</subfield>
  </datafield>
  <datafield tag="082" ind1=" " ind2=" ">
    <subfield code="a">954</subfield>
    <subfield code="2">23 </subfield>
    <subfield code="b">HOS 1957 </subfield>
  </datafield>
  <datafield tag="100" ind1="1" ind2=" ">
    <subfield code="a">Hodivala, Shahpurshah Hormasji,</subfield>
    <subfield code="d">1867-1944.</subfield>
    <subfield code="9">163100</subfield>
  </datafield>
  <datafield tag="245" ind1="1" ind2="0">
    <subfield code="a">Studies in Indo-Muslim history /</subfield>
    <subfield code="c"> Shahpurshah Hormasji Hodivala,a critical commentary on Elliot and Dowson's History of India as told by its own historians; with a foreword by Richard Burn</subfield>
  </datafield>
  <datafield tag="260" ind1=" " ind2=" ">
    <subfield code="a">Bombay :</subfield>
    <subfield code="b">Popular book depot, </subfield>
    <subfield code="c">1939-57.</subfield>
  </datafield>
  <datafield tag="300" ind1=" " ind2=" ">
    <subfield code="a">2 v. ; </subfield>
    <subfield code="c">26 cm</subfield>
  </datafield>
  <datafield tag="504" ind1=" " ind2=" ">
    <subfield code="a">Includes bibliographies</subfield>
  </datafield>
  <datafield tag="505" ind1="0" ind2=" ">
    <subfield code="a">vol 2 -- </subfield>
  </datafield>
  <datafield tag="600" ind1="1" ind2="0">
    <subfield code="a">Elliot, H. M.</subfield>
    <subfield code="q">(Henry Miers),</subfield>
    <subfield code="c">Sir,</subfield>
    <subfield code="d">1808-1853.</subfield>
    <subfield code="t">History of India, as told by its own historians.</subfield>
    <subfield code="9">163101</subfield>
  </datafield>
  <datafield tag="600" ind1="1" ind2="0">
    <subfield code="a">Dowson, John,</subfield>
    <subfield code="d">1820-1881.</subfield>
    <subfield code="t">History of India, as told by its own historians.</subfield>
    <subfield code="9">163102</subfield>
  </datafield>
  <datafield tag="942" ind1=" " ind2=" ">
    <subfield code="2">ddc</subfield>
    <subfield code="c">BK</subfield>
  </datafield>
  <datafield tag="999" ind1=" " ind2=" ">
    <subfield code="c">54696</subfield>
    <subfield code="d">54696</subfield>
  </datafield>
  <datafield tag="952" ind1=" " ind2=" ">
    <subfield code="0">0</subfield>
    <subfield code="1">0</subfield>
    <subfield code="2">ddc</subfield>
    <subfield code="4">0</subfield>
    <subfield code="7">0</subfield>
    <subfield code="8">NFIC</subfield>
    <subfield code="a">RUCL</subfield>
    <subfield code="b">RUCL</subfield>
    <subfield code="c">Stack</subfield>
    <subfield code="d">1964-05-12</subfield>
    <subfield code="e">Kolikata, India International</subfield>
    <subfield code="g">30.00</subfield>
    <subfield code="l">0</subfield>
    <subfield code="o">954 HOS V-2 1957</subfield>
    <subfield code="r">2016-11-09 00:00:00</subfield>
    <subfield code="t">C-2</subfield>
    <subfield code="w">2016-11-09</subfield>
    <subfield code="y">BK</subfield>
  </datafield>
</record>
